Khảo sát tác dụng thay thế kháng sinh của probiotics trong phòng ngừa tiêu chảy do e. coli trên heo con
Enregistré dans:
| Auteur principal: | |
|---|---|
| Format: | Livre |
| Langue: | Undetermined |
| Publié: |
Tp. HCM
Tp. HCM
2003
|
| Sujets: | |
| Tags: |
Ajouter un tag
Pas de tags, Soyez le premier à ajouter un tag!
|
| Thư viện lưu trữ: | Trung tâm Học liệu Trường Đại học Cần Thơ |
|---|
| LEADER | 00625nam a2200205Ia 4500 | ||
|---|---|---|---|
| 001 | CTU_59090 | ||
| 008 | 210402s9999 xx 000 0 und d | ||
| 082 | |a 636.4089 | ||
| 082 | |b Th523 | ||
| 088 | |a 60620105 | ||
| 100 | |a Trần Thị Thu Thủy | ||
| 245 | 0 | |a Khảo sát tác dụng thay thế kháng sinh của probiotics trong phòng ngừa tiêu chảy do e. coli trên heo con | |
| 245 | 0 | |c Trần Thị Thu Thủy | |
| 260 | |a Tp. HCM | ||
| 260 | |b Tp. HCM | ||
| 260 | |c 2003 | ||
| 650 | |a swine | ||
| 650 | |x diseases | ||
| 904 | |i Minh | ||
| 980 | |a Trung tâm Học liệu Trường Đại học Cần Thơ | ||